Texas Longhorns Football Trivia - Statistics

General Stats
  • This quiz has been taken 695 times
    371 since last reset
  • The average score is 11 of 15
Answer Stats
Hint Answer % Correct
Conference that Texas joined in 2024 SEC
98%
Manning family member who plays for Texas {Arch} Manning
96%
Name of the annual game against Oklahoma {Red} {River} Showdown
89%
Hand signal made by fans of the Longhorns {Hook} '{em} Horns
85%
Bowl game that Texas has appeared in 23 times, more than any other team {Cotton} Bowl
84%
Quarterback who left Ohio State to join Texas in 2022 Quinn Ewers
83%
Head coach of the Texas Longhorns since 2021 Steve Sarkisian
77%
Quarterback who led the team to a national championship in the 2005 season Vince Young
77%
Team they defeated in the Rose Bowl to secure the championship USC
72%
Leading passer in team history (2006–2009) Colt McCoy
67%
Running back who won the Heisman Trophy in 1998 Ricky Williams
62%
Head coach from 1998–2013 Mack Brown
55%
Running back who won the Heisman Trophy in 1977 Earl Campbell
49%
Name of the annual game against Texas A&M {Lone} {Star} Showdown
45%
Head coach from 1957–1976 who the stadium is named for Darrell Royal
44%
No matching quizzes found
Score Distribution
Percent of People with Each Score
Percentile by Number Answered
Your Score History
You have not taken this quiz since the last reset